Sports Quiz

Random Sports or Baseball Quiz

Best Players by Position in MLB Quiz Stats

 Plays Quiz not verified by Sporcle

Challenge
Share
Tweet
Embed
Score 0/52 Timer 10:00
0 Plays Today
Position % Correct
1BAlbert Pujols
93.4%
CJoe Mauer
90%
3BAlex Rodriguez
89.3%
SSDerek Jeter
81.4%
3BAramis Ramirez
80.1%
SSHanley Ramirez
80.1%
1BRyan Howard
78.9%
2BChase Utley
78.7%
RPMariano Rivera
78.4%
SPCliff Lee
77.8%
1BPrince Fielder
77.6%
SPRoy Halladay
77.3%
SPTim Lincecum
75.1%
SPC.C. Sabathia
74.1%
2BRobinson Cano
66.2%
CVictor Martinez
64.8%
RFIchiro Suzuki
62.6%
2BDustin Pedroia
61.2%
CBrian McCann
60.8%
SSJimmy Rollins
60.6%
3BEvan Longoria
59.6%
1BAdrian Gonzalez
59.4%
3BDavid Wright
57.4%
SSJose Reyes
56.2%
SPFelix Hernandez
56.2%
SPJohan Santana
56%
Position % Correct
CFAdam Jones
55.6%
CYadier Molina
54.7%
1BMiguel Cabrera
53.8%
LFRyan Braun
53.3%
SPZach Greinke
53.3%
RPJonathan Papelbon
51.7%
LFMatt Holliday
49.6%
LFCarl Crawford
48.1%
CFTorii Hunter
44.9%
3BRyan Zimmerman
44.4%
CFMatt Kemp
44.4%
CFCarlos Beltran
44.4%
2BIan Kinsler
43.8%
RFJustin Upton
43.1%
SSTroy Tulowitzki
41.3%
SPJustin Verlander
41.1%
RFJayson Werth
40.1%
RPJoakim Soria
39.2%
SPJon Lester
37.9%
CFGrady Sizemore
37%
LFJacoby Ellsbury
35.2%
RFAndre Ethier
34%
SPDan Haren
31.1%
RFNick Markakis
29.3%
RPJonathan Broxton
25.4%
LFAdam Lind
25%

You're not logged in!

Compare scores with friends on all Sporcle quizzes.
Join for Free
OR
Log In

You Might Also Like...

Show Comments

Extras

Top Quizzes Today


Score Distribution

Your Account Isn't Verified!

In order to create a playlist on Sporcle, you need to verify the email address you used during registration. Go to your Sporcle Settings to finish the process.

Report this User

Report this user for behavior that violates our Community Guidelines.

Details: